Welcome to CU Library Online Public Access Catalogue (OPAC)

Cost accounting : (Record no. 4018)

MARC details
000 -LEADER
fixed length control field 00782pam a2200229 a 4500
001 - CONTROL NUMBER
control field 4714746
005 - DATE AND TIME OF LATEST TRANSACTION
control field 20250221110828.0
008 - FIXED-LENGTH DATA ELEMENTS--GENERAL INFORMATION
fixed length control field 830706s1984 nyua 001 0 eng
020 ## - INTERNATIONAL STANDARD BOOK NUMBER
International Standard Book Number 0070080453 :
Terms of availability $14.45 (est.)
050 00 - LIBRARY OF CONGRESS CALL NUMBER
Classification number HF5686.C8
Item number B679 1984
082 00 - DEWEY DECIMAL CLASSIFICATION NUMBER
Classification number 657/.42
Edition information 19
100 1# - MAIN ENTRY--PERSONAL NAME
Personal name Brock, Horace R.
245 10 - TITLE STATEMENT
Title Cost accounting :
Remainder of title principles and applications /
Statement of responsibility, etc. Horace R. Brock, Charles E. Palmer ; contributing author of the Computers in cost accounting vignettes, Billie M. Cunningham.
250 ## - EDITION STATEMENT
Edition statement 4th ed.
260 ## - PUBLICATION, DISTRIBUTION, ETC.
Place of publication, distribution, etc. New York :
Name of publisher, distributor, etc. McGraw-Hill,
Date of publication, distribution, etc. c1984.
300 ## - PHYSICAL DESCRIPTION
Extent ix, 502 p. :
Other physical details ill. ;
Dimensions 25 cm.
500 ## - GENERAL NOTE
General note Includes index.
650 #0 - SUBJECT ADDED ENTRY--TOPICAL TERM
Topical term or geographic name entry element Cost accounting.
700 1# - ADDED ENTRY--PERSONAL NAME
Personal name Palmer, Charles Earl,
Dates associated with a name 1919-
700 1# - ADDED ENTRY--PERSONAL NAME
Personal name Cunningham, Billie M.
942 ## - ADDED ENTRY ELEMENTS (KOHA)
Source of classification or shelving scheme Library of Congress Classification
Koha item type Books
Suppress in OPAC No
999 ## -
-- 4018
-- 4018
Holdings
Withdrawn status Lost status Source of classification or shelving scheme Damaged status Not for loan Collection Home library Current library Shelving location Date acquired Total checkouts Full call number Barcode Date last seen Copy number Price effective from Koha item type
    Library of Congress Classification     Non-fiction Undergraduate Library (Christ Temple) Undergraduate Library (Christ Temple) General stacks 02/21/2025   HF5686.C8 BRO ulct00001316 02/21/2025 1 02/21/2025 Books
    Library of Congress Classification     Non-fiction Undergraduate Library (Christ Temple) Undergraduate Library (Christ Temple) General stacks 02/27/2025   HF5635 APP ulct00001449 02/27/2025 1 02/27/2025 Books
© 2023-2024 Copyright: Central University Libraries. All Rights Reserved | Created by: Mahone Tech Office